Pt.madan mohan malaviya/ (Record no. 162189)

MARC details
000 -LEADER
fixed length control field 00612nam a2200193 4500
005 - DATE AND TIME OF LATEST TRANSACTION
control field 20190307104750.0
010 ## - LCCN (DPL NO)
LC control number ENG-124853
020 ## - INTERNATIONAL STANDARD BOOK NUMBER
International Standard Book Number 9789386048370
Terms of availability 995.00
035 ## - SYSTEM CONTROL NUMBER
System control number EN-108385
037 ## - SOURCE OF ACQUISITION
Source of stock number/acquisition DBAD/PUB
082 ## - DEWEY DECIMAL CLASSIFICATION NUMBER
Classification number 920
100 ## - MAIN ENTRY--PERSONAL NAME
Personal name Mishra,Saroj Kr.
245 ## - TITLE STATEMENT
Title Pt.madan mohan malaviya/
Statement of responsibility, etc by Saroj Kr.Mishra
260 ## - PUBLICATION, DISTRIBUTION, ETC. (IMPRINT)
Place of publication, distribution, etc Delhi
Name of publisher, distributor, etc GS Publisher
Date of publication, distribution, etc 2017
270 ## - ADDRESS
Address F-7,Gali No.1,Panchsheel GardenExt.Naveen Shahdars,
City Delhi
Postal code 110032
Telephone number 09971733123
Electronic mail address gspublisherdistributors@gmail.com
300 ## - PHYSICAL DESCRIPTION
Extent 280p.
Dimensions 21cm(Hb)
500 ## - GENERAL NOTE
General note It includes index
942 ## - ADDED ENTRY ELEMENTS (KOHA)
Source of classification or shelving scheme Dewey Decimal Classification
Item type English Books
Classification part 920
Call number suffix MIS
Holdings
Withdrawn status Lost status Not for loan Collection code Home library Current library Date acquired Source of acquisition Cost, normal purchase price Full call number Barcode Copy number Cost, replacement price Koha item type
      Non-fiction Shahdara Branch Shahdara Branch 07/03/2019 DBAD/PUB 995.00 920 MIS EN-108385 1 995.00 English Books

© Delhi Public Library
Hit Counter
free hit counter